00933nam a2200205Ia 4500003000900000008004100009020001800050040001600068080002300084111008500107245027900192260004800471300001500519490002800534650003400562650004700596700002200643700002500665710003700690IN-BaIIA211028s9999 xx 000 0 eng d a0-521-85607-8 cIIA Library a082.2:52bIAU-C200 aColloquium of the International Astronomical Unionn200thcFranced2005 Oct. 3-7 0aDirect imaging of exoplanets-science and techniquesbproceedings of the 200th colloquium of the International Astronomical Union held in Villefranche Sur Mer, France, October 3-7, 2005cedited by Claude Aime and Farrokh Vakili  aCambridgebCambridge University Pressc2006 axxv, 638p. aIAU colloquium; no. 200 aExtrasolar planets-congresses aImaging systems in astronomy - congresses. aAime, Claude, ed. aVakili, Farrokh, ed. aInternational Astronomical Union